00880nam a2200193 a 450000100100000000500170001000800410002702000150006804000250008308200150010810000320012324501730015526000730032830000390040149000670044050000740050770000360058183000690061700002322620200930022055.0101130s1990 sp ab r 000 0 spa d a8478200630 aDO-SdBNPbspacBNPHU aNNNbV355r1 aVaubourgoin, Jean Raphaël10aEl Real Monasterio de Nuestra Señora de Rueda /cJean Raphaël Vaubourgoin ; presentación, traducción y nota histórica sobre el Cister por Juan Antonio Gracia. aZaragoza, (España) :bInstitución Fernando el Católico,c1990. a96, [1] p. :bil., mapas ;c22 cm.1 aPublicación de la Institución Fernando el Católicov1235 aIncluye referencias bibliográficas y notas al pie de las páginas.1 aGracia Gimeno, Juan Antonioetr 0aPublicación de la Institución Fernando el Católico ;v1235